| 000 | 01007nam a2200277Ia 4500 | ||
|---|---|---|---|
| 008 | 130821s1992 xxua gr eng | ||
| 020 | _a132826747 | ||
| 040 |
_aCo-BoUCM _bspa |
||
| 041 | 0 | 0 | _aeng |
| 100 | 1 |
_aHolt, David H. _9161316 |
|
| 245 | 1 | 0 |
_aEntrepreneurship new venture creation _cDavid H. Holt |
| 260 |
_aEnglewood Cliffs (Nueva Jersey, Estados Unidos) _bPrentice Hall _c1992 |
||
| 300 |
_axx, 553 páginas _bilustraciones, graficas |
||
| 500 | _aIncluye índice. | ||
| 650 | 0 | 4 |
_aAdministración de empresas _9435 |
| 650 | 0 | 4 |
_aAdministración de mercadeo _98558 |
| 650 | 0 | 4 |
_aAdministración _xPrivilegios e inmunidades _97252 |
| 650 | 0 | 4 |
_aCultura corporativa _912394 |
| 650 | 0 | 4 |
_aEmprendimiento empresarial _914098 |
| 650 | 0 | 4 |
_aInnovaciones tecnológicas _917718 |
| 650 | 0 | 4 |
_aMarcas de fábrica _918980 |
| 650 | 0 | 4 |
_aNuevas empresas _97880 |
| 650 | 0 | 4 |
_aPlanificación empresarial _921660 |
| 942 |
_cLIBRO _a16 _e1 _mH758e _2DEWEY _h658.421 |
||
| 999 |
_c42786 _d42786 |
||